Loghi famosi #3 - Statistics

Statistiche generali
  • Questo quiz è stato fatto 791 volte
  • Il punteggio medio è 12 su 20
Statistiche sulle risposte
marchio % Corretto
Gmail
97%
Instagram
97%
LG
92%
McDonald's
91%
Mastercard
89%
Lacoste
87%
Bic
83%
Chanel
81%
Motorola
71%
SEAT
71%
Gatorade
66%
Knorr
55%
Converse
50%
Kodak
50%
Lufthansa
48%
Wendy's
30%
T-Mobile
29%
Bacardi
28%
Barclays
13%
Tide
4%
Nessun quiz corrispondente trovato
Distribuzione punteggi
Percentuale di utenti per punteggio
Percentile per numero di risposta
I tuoi punteggi nel tempo
Non hai fatto questo quiz